000 00774nam a2200241Ia 4500
003 GCL
008 140319s9999 xx 000 0 ara d
040 _aGCL /
_cGCL
082 0 4 _a341
_bع.ق
100 1 _aعلى صادق ابوهيف
245 1 0 _aالقانون الدولى العام /
_cعلى صادق ابوهيف
260 _a[S.N] :
_bمنشاة المعارف الاسلامية ،
_c1993
300 _a1044 ص
490 _aسلسلة الكتب القانونية
_v0
650 0 4 _aالقانون
650 0 4 _aالقانون الدولى
650 0 4 _aالحرب
650 0 4 _aالمنازعات الدولية
650 0 4 _aالحدود السياسية
650 0 4 _aالوساطة الدولية
650 0 4 _aالحياد
942 _2ddc
_cBK
999 _c54335
_d54335